000 00858nam a2200277 i 4500
003 DO-SdBNP
005 20250627142857.0
007 ta
008 250627t2000 dr 001 f spa d
020 _a8482611666
040 _aDO-SdBNP
_bspa
_cBNPHU
_erda
082 4 _axxx
_bN285
_222
245 1 3 _aNaturaleza 1 :
_beducación básica /
_cTexto Carmen Villanueva ; ilustración Ruddy Nuñez
264 _aSanto Domingo :
_bSantillana,
_c2000.
300 _a119 páginas :
_bilustraciones ;
_c28 cm.
336 _2rdacontent
_atexto
_btxt
337 _2rdamedia
_asin mediación
_bn
338 _2rdacarrier
_avolumen
_bnc
490 _aSerie Umbral
590 _aInventariado, 2025/DG
650 0 _aNovela dominicana
_9223
700 1 _aVillanueva, Carmen
_etexto
_933112
700 1 _aNuñez, Ruddy
_eilustrador
_923171
910 _aDG
942 _2ddc
_cLBS1
999 _c59393
_d59393